[Event "Cto. Espana Selecciones Autonomicas"]
[Site "Padron"]
[Date "2006.10.07"]
[Round "4.4"]
[White "Paredes Galan, Angel"]
[Black "Abuin Boullon, Manuel Angel"]
[Result "1-0"]
[WhiteElo "2370"]
[BlackElo "2144"]
[PlyCount "115"]
[EventDate "2006.10.??"]

1. c4 e6 2. Nf3 d5 3. e3 Nf6 4. b3 b6 5. Bb2 Bb7 6. Be2 Be7 7. O-O O-O 8. Qc2
c5 9. d3 Nc6 10. a3 Qc7 11. Nbd2 Rac8 12. cxd5 Nxd5 13. Rac1 Rfd8 14. Qb1 Qb8
15. Nc4 b5 16. Nce5 Bd6 17. d4 Nxe5 18. dxe5 Be7 19. Bxb5 Ba8 20. Bc4 Nb6 21.
Ba6 Bb7 22. Bxb7 Qxb7 23. Rfd1 Nd5 24. Qc2 Rb8 25. Rd3 a5 26. Rb1 Rdc8 27. Nd2
Rd8 28. Nc4 Qa6 29. Rbd1 Nb6 30. Rxd8+ Rxd8 31. Rxd8+ Bxd8 32. Qd2 Bc7 33. Qxa5
Qxa5 34. Nxa5 Na4 35. Nc4 Nxb2 36. Nxb2 Bxe5 37. Nd3 Bd6 38. a4 Kf8 39. a5 Ke8
40. a6 Bb8 41. Ne5 Kd8 42. Nc6+ Kc7 43. a7 Bxa7 44. Nxa7 Kb6 45. Nc8+ Kc7 46.
Ne7 Kd7 47. Ng8 Kc6 48. Kf1 Kb5 49. Ke2 c4 50. bxc4+ Kxc4 51. h4 Kc5 52. h5 h6
53. g4 Kd5 54. f4 f6 55. Kd3 Kd6 56. Ke4 Kd7 57. Nxf6+ gxf6 58. g5 1-0

[Event "Cto. Espana Selecciones Autonomicas"]
[Site "Padron"]
[Date "2006.10.07"]
[Round "4.4"]
[White "Rodriguez Calvo, Manoel"]
[Black "Pena Gomez, Manuel"]
[Result "1/2-1/2"]
[WhiteElo "2154"]
[BlackElo "2319"]
[PlyCount "172"]
[EventDate "2006.10.??"]

1. Nf3 Nf6 2. g3 g6 3. Bg2 Bg7 4. O-O O-O 5. c4 d6 6. d4 Nbd7 7. b3 e5 8. Bb2
Re8 9. dxe5 Ng4 10. Qd2 dxe5 11. Qc3 Bf6 12. Qc2 e4 13. Ne1 Nc5 14. h3 Nh6 15.
Nc3 c6 16. b4 Na6 17. a3 e3 18. f4 Bf5 19. Qd1 Qd2 20. Qxd2 exd2 21. Nf3 Rad8
22. Rfd1 Re3 23. Ne5 Bxe5 24. fxe5 Bc2 25. Kf2 Bxd1 26. Kxe3 Nf5+ 27. Kf2 Bb3
28. Nd1 Bxc4 29. e3 Nc7 30. g4 Ng7 31. Bf1 Bb3 32. Be2 Nge6 33. Nc3 Nd5 34. Ne4
Nxe3 35. Kxe3 d1=Q 36. Bxd1 Rxd1 37. Rxd1 Bxd1 38. Nd6 Ng5 39. h4 Nf3 40. Nxb7
Nxh4 41. g5 Nf5+ 42. Kf4 Kf8 43. Nd6 Ng7 44. Nc8 Ne6+ 45. Kg3 a6 46. Bc1 c5 47.
bxc5 Nxc5 48. Be3 Nd3 49. Bd4 Ke8 50. Nd6+ Ke7 51. Ne4 Ke6 52. Nc5+ Nxc5 53.
Bxc5 Kxe5 54. Be7 Kf5 55. Bd8 Bb3 56. Be7 a5 57. Bd8 a4 58. Be7 Ke4 59. Bf6 Be6
60. Be7 f5 61. Bd6 Bd5 62. Bf4 Bg8 63. Bd2 Kd3 64. Bf4 Kc3 65. Kh4 Kb2 66. Bd6
Bc4 67. Kg3 Bd5 68. Kf4 Bg8 69. Be7 Kb3 70. Bd6 Kc4 71. Bf8 Kd3 72. Bd6 Ke2 73.
Bc5 Kf1 74. Be7 Kg2 75. Bd8 Kh3 76. Bf6 Kh4 77. Be7 h6 78. gxh6+ Kh5 79. Bf6
Kxh6 80. Bg5+ Kg7 81. Bd8 Kf7 82. Bg5 Ke6 83. Bd8 Bf7 84. Bg5 Kd5 85. Bf6 Kc4
86. Be7 Kd5 1/2-1/2

[Event "Cto. Espana Selecciones Autonomicas"]
[Site "Padron"]
[Date "2006.10.07"]
[Round "4.4"]
[White "Espineira Gonzalez, Diego"]
[Black "Pazos Porta, Antonio"]
[Result "1/2-1/2"]
[WhiteElo "2292"]
[BlackElo "2142"]
[PlyCount "39"]
[EventDate "2006.10.??"]

1. e4 e6 2. d4 d5 3. Nd2 Nf6 4. e5 Nfd7 5. c3 c5 6. f4 Nc6 7. Ndf3 Qb6 8. a3
cxd4 9. cxd4 Na5 10. Ne2 Qb3 11. Nd2 Qxd1+ 12. Kxd1 b5 13. Nc3 a6 14. b4 Nc4
15. Nxc4 bxc4 16. Bd2 Nb6 17. Be2 Bd7 18. Kc2 Na4 19. Rhb1 Be7 20. Bf3 1/2-1/2

[Event "Cto. Espana Selecciones Autonomicas"]
[Site "Padron"]
[Date "2006.10.07"]
[Round "4.4"]
[White "Vega Gomez, Borja"]
[Black "Fernandez Losada, Daniel"]
[Result "0-1"]
[WhiteElo "2125"]
[BlackElo "2145"]
[PlyCount "126"]
[EventDate "2006.10.??"]

1. Nf3 Nf6 2. g3 g6 3. Bg2 Bg7 4. d4 d5 5. c4 O-O 6. Nc3 c6 7. cxd5 Nxd5 8. O-O
Bg4 9. Nxd5 cxd5 10. Ne5 Be6 11. Bf4 Qb6 12. Qd2 Na6 13. Rfc1 Rac8 14. h4 Nc7
15. a4 Na6 16. a5 Qb4 17. Rc3 f6 18. Nd3 Qb5 19. Raa3 Rxc3 20. bxc3 Bf7 21. Bh3
Re8 22. Qb2 Qxb2 23. Nxb2 e5 24. Be3 exd4 25. cxd4 f5 26. Nd3 Nb8 27. Nb4 Rc8
28. Bg2 Nc6 29. Nxd5 Rd8 30. Nf4 Nxd4 31. Bxb7 Bf8 32. Ra4 Nb5 33. Ba6 Rd1+ 34.
Kg2 Nc3 35. Rd4 Ra1 36. Rd8 Rxa5 37. Bxa7 Ne4 38. f3 Rxa6 39. fxe4 Rxa7 40.
exf5 gxf5 41. Rd2 Kg7 42. Rc2 Kf6 43. Rc6+ Ke5 44. Nd3+ Ke4 45. Kf2 Bd5 46. Rf6
Bg7 47. Rd6 Bd4+ 48. Kg2 Ra2 49. Nf4 Ba8 50. Re6+ Be5 51. Re8 Kd4+ 52. Kf2 Be4
53. Rd8+ Kc4 54. Rc8+ Kb3 55. Ke3 Bd6 56. Nh5 Kb4 57. Nf6 Ra3+ 58. Kd4 Bb7 59.
Nd5+ Kb5 60. Nc3+ Kb6 61. Rg8 Bc5+ 62. Kd3 Bb4 63. Rf8 Bxf8 0-1

[Event "Cto. Espana Selecciones Autonomicas"]
[Site "Padron"]
[Date "2006.10.07"]
[Round "4.4"]
[White "Ares Campo, Iria"]
[Black "Devesa Raris, Lorena"]
[Result "1-0"]
[WhiteElo "1923"]
[BlackElo "1756"]
[PlyCount "49"]
[EventDate "2006.10.??"]

1. e4 e6 2. d3 d5 3. Qe2 Ne7 4. c3 c5 5. g3 g6 6. Bg2 Nbc6 7. Bg5 Bg7 8. f4 O-O
9. e5 Qc7 10. Nf3 b5 11. O-O b4 12. Qf2 Qa5 13. g4 f6 14. exf6 Bxf6 15. Qh4
Bxg5 16. Nxg5 h5 17. Bh3 Rf6 18. gxh5 Nf5 19. Bxf5 gxf5 20. Rf2 Kh8 21. Rg2 Ba6
22. Nf3 Rf7 23. Qg5 Qc7 24. Qh6+ Rh7 25. Qf6+ 1-0

[Event "Cto. Espana Selecciones Autonomicas"]
[Site "Padron"]
[Date "2006.10.07"]
[Round "4.4"]
[White "Lorenzo Serrano, Henar"]
[Black "Gonzalez Campo, Greta"]
[Result "1/2-1/2"]
[WhiteElo "1688"]
[BlackElo "1889"]
[PlyCount "63"]
[EventDate "2006.10.??"]

1. e4 e5 2. Nf3 Nc6 3. d4 exd4 4. Nxd4 Bb4+ 5. c3 Bc5 6. Bc4 Nf6 7. Nxc6 bxc6
8. e5 Qe7 9. O-O Ne4 10. b4 Bb6 11. Qf3 d5 12. exd6 cxd6 13. Nd2 d5 14. Nxe4
Qxe4 15. Qxe4+ dxe4 16. Re1 Bf5 17. Be3 Bxe3 18. Rxe3 O-O 19. Rae1 Rfd8 20. f3
exf3 21. Rxf3 Bg6 22. Re7 Rf8 23. Rc7 a5 24. Rf2 axb4 25. cxb4 Rac8 26. Rxc8
Rxc8 27. a4 Rd8 28. a5 Kf8 29. b5 cxb5 30. Bxb5 Rd1+ 31. Rf1 Rd5 32. Bc4
1/2-1/2

[Event "Cto. Espana Selecciones Autonomicas"]
[Site "Padron"]
[Date "2006.10.07"]
[Round "4.5"]
[White "Bolado Saez, Sergio"]
[Black "Alonso Arburu, Juan Ignacio"]
[Result "1/2-1/2"]
[WhiteElo "2297"]
[BlackElo "2357"]
[PlyCount "103"]
[EventDate "2006.10.??"]

1. e4 e5 2. Nf3 d6 3. d4 Nd7 4. Nc3 Be7 5. Bc4 c6 6. a4 Ngf6 7. O-O O-O 8. Ba2
h6 9. Re1 b6 10. h3 a6 11. Be3 Bb7 12. Nh4 c5 13. dxe5 Nxe4 14. Ng6 Nxc3 15.
bxc3 Nxe5 16. Nxf8 Bxf8 17. f4 Ng6 18. Bd5 Bxd5 19. Qxd5 Ne7 20. Qb3 Qc7 21.
Rab1 Rb8 22. c4 Nc6 23. Bd2 Nd4 24. Qd3 g6 25. c3 Nc6 26. Re2 Qd7 27. Be3 Na5
28. Bxc5 Qxa4 29. Rxb6 Rxb6 30. Bxb6 Nxc4 31. Bd4 a5 32. Qb1 d5 33. Qe1 Nd6 34.
Rb2 Nf5 35. Be5 f6 36. Bb8 Bc5+ 37. Kh1 Qe4 38. Qd1 a4 39. Rb5 Qc4 40. Rb1 a3
41. Kh2 a2 42. Ra1 Be3 43. Qc2 Qb5 44. Bc7 Qb7 45. g4 Qxc7 46. gxf5 Qxf4+ 47.
Kg2 gxf5 48. Rxa2 Qe4+ 49. Kh2 Bf4+ 50. Kg1 Be3+ 51. Kh2 Bf4+ 52. Kg1 1/2-1/2

[Event "Cto. Espana Selecciones Autonomicas"]
[Site "Padron"]
[Date "2006.10.07"]
[Round "4.5"]
[White "Limeres, Cristobal"]
[Black "Revilla Rio, Francisco"]
[Result "1-0"]
[WhiteElo "2263"]
[BlackElo "2200"]
[PlyCount "71"]
[EventDate "2006.10.??"]

1. d4 c5 2. c3 d5 3. Nf3 Nc6 4. dxc5 a5 5. e4 dxe4 6. Qxd8+ Nxd8 7. Ne5 Nc6 8.
Bb5 Bd7 9. Nxd7 Kxd7 10. Nd2 Re8 11. Nxe4 e5 12. Be3 Nf6 13. Nxf6+ gxf6 14. O-O
Kc7 15. Rad1 Be7 16. Rd5 Rd8 17. Rfd1 Rxd5 18. Rxd5 Rd8 19. Rxd8 Nxd8 20. Bd3
h5 21. b4 axb4 22. cxb4 Nc6 23. a3 Nd4 24. Bc4 Ne6 25. f3 f5 26. Kf1 Bg5 27.
Bxg5 Nxg5 28. Kf2 h4 29. g3 h3 30. Ke3 f6 31. Bd3 Kc6 32. Bxf5 Kb5 33. Be4 b6
34. cxb6 Kxb6 35. Bd5 Kb5 36. f4 1-0

[Event "Cto. Espana Selecciones Autonomicas"]
[Site "Padron"]
[Date "2006.10.07"]
[Round "4.5"]
[White "Ceballos Hornero, Daniel"]
[Black "Galzagorri Uli, Yeray"]
[Result "1-0"]
[WhiteElo "2178"]
[BlackElo "2227"]
[PlyCount "99"]
[EventDate "2006.10.??"]

1. c4 e5 2. Nc3 Nf6 3. Nf3 Nc6 4. e3 d5 5. cxd5 Nxd5 6. Bb5 Nxc3 7. bxc3 Bd7 8.
d4 Bd6 9. e4 O-O 10. O-O Qe8 11. d5 Na5 12. Bd3 Bb5 13. Qe2 Bxd3 14. Qxd3 Qa4
15. Re1 Nb3 16. Qd1 Nc5 17. Qxa4 Nxa4 18. Bd2 b5 19. Rab1 Rab8 20. g4 Rfc8 21.
Rec1 c5 22. Ne1 c4 23. Nc2 Nc5 24. f3 Nd3 25. Rd1 a5 26. a3 Kf8 27. Kg2 Ke7 28.
h4 Bc5 29. Be3 Kd6 30. Bd2 g6 31. g5 Rf8 32. Be3 f5 33. gxf6 Rxf6 34. Bxc5+
Kxc5 35. Ne1 Nxe1+ 36. Rxe1 b4 37. Rb2 Rfb6 38. axb4+ axb4 39. cxb4+ Rxb4 40.
Rxb4 Rxb4 41. f4 Rb2+ 42. Kf3 Rb3+ 43. Kg4 h5+ 44. Kg5 Rg3+ 45. Kf6 exf4 46. d6
f3 47. d7 f2 48. Rf1 Rd3 49. Ke7 c3 50. Rxf2 1-0

[Event "Cto. Espana Selecciones Autonomicas"]
[Site "Padron"]
[Date "2006.10.07"]
[Round "4.5"]
[White "Martin Echeandia, Ibon"]
[Black "Gonzalez Merino, Alberto"]
[Result "1/2-1/2"]
[WhiteElo "2232"]
[BlackElo "2058"]
[PlyCount "167"]
[EventDate "2006.10.??"]

1. f4 d5 2. g3 c5 3. Nf3 b6 4. Bg2 Bb7 5. O-O e6 6. d3 Nf6 7. Qe1 Nc6 8. c3 Na5
9. Nbd2 d4 10. h3 dxc3 11. bxc3 Be7 12. g4 Qc7 13. e4 O-O-O 14. Qe3 Ba6 15. Ne1
Rd7 16. Rf3 Rhd8 17. Bf1 Nc6 18. Ba3 e5 19. f5 Na5 20. Nb3 Nb7 21. c4 Rd6 22.
Bb2 Nd7 23. g5 f6 24. h4 Nb8 25. Rg3 Nc6 26. Kg2 R8d7 27. Rc1 Qd8 28. a3 Qe8
29. Be2 Nd4 30. Bxd4 cxd4 31. Qd2 Rc6 32. Nc2 Nc5 33. Nxc5 Rxc5 34. Nb4 Bb7 35.
g6 h6 36. Kh3 Rdc7 37. Rgg1 a5 38. Nd5 Bxd5 39. exd5 Kb7 40. Rb1 Ka6 41. Rxb6+
Kxb6 42. Rb1+ Ka7 43. Qb2 e4 44. d6 Bxd6 45. Qb6+ Ka8 46. Qa6+ Ra7 47. Qxd6 Qc8
48. dxe4 Rb7 49. Rxb7 Kxb7 50. Bf3 Re5 51. Qxd4 Qc6 52. Qb2+ Qb6 53. Qd2 Qe3
54. Qa2 Qd3 55. Kg2 Kc7 56. Qf2 Kb7 57. Qb2+ Kc8 58. c5 Rxc5 59. Qb6 Rc2+ 60.
Kg3 Rc3 61. Qe6+ Kc7 62. Qe7+ Kc6 63. Qe6+ Qd6+ 64. e5+ Rxf3+ 65. Kxf3 Qxe6 66.
fxe6 fxe5 67. Ke4 Kd6 68. e7 Kxe7 69. Kxe5 h5 70. a4 Kd7 71. Kd5 Ke7 72. Kc5
Kf6 73. Kb5 Kxg6 74. Kxa5 Kf5 75. Kb5 g5 76. a5 g4 77. a6 g3 78. a7 g2 79. a8=Q
g1=Q 80. Qd5+ Kf4 81. Qxh5 Qg4 82. Qh6+ Kg3 83. Qg5 Kh3 84. Qxg4+ 1/2-1/2

[Event "Cto. Espana Selecciones Autonomicas"]
[Site "Padron"]
[Date "2006.10.07"]
[Round "4.5"]
[White "Iglesias Gascon, Albanta"]
[Black "Angulo Martinez, Jon"]
[Result "0-1"]
[WhiteElo "2013"]
[BlackElo "2133"]
[PlyCount "42"]
[EventDate "2006.10.??"]

1. e4 e5 2. Nf3 Nc6 3. d4 exd4 4. Nxd4 Bc5 5. Be3 Qf6 6. Nb5 Bxe3 7. fxe3 Qh4+
8. g3 Qxe4 9. Nxc7+ Kd8 10. Nxa8 Qxh1 11. Qd6 Nf6 12. Nc3 Qf3 13. Rd1 Qxe3+ 14.
Be2 Qe5 15. Qxe5 Nxe5 16. Nb5 Nc6 17. Bf3 Re8+ 18. Kf2 Re7 19. Bxc6 bxc6 20.
Nxa7 Bb7 21. Nb6 Kc7 0-1

[Event "Cto. Espana Selecciones Autonomicas"]
[Site "Padron"]
[Date "2006.10.07"]
[Round "4.5"]
[White "Camara Gil, Paula"]
[Black "Arce Calva, Elvira"]
[Result "0-1"]
[WhiteElo "1894"]
[BlackElo "1756"]
[PlyCount "112"]
[EventDate "2006.10.??"]

1. e4 e6 2. d4 d5 3. exd5 exd5 4. Bd3 Bd6 5. h3 Ne7 6. Nf3 Bf5 7. O-O O-O 8.
Nc3 c6 9. Re1 Bxd3 10. Qxd3 Ng6 11. Ne5 Re8 12. Nf3 Rxe1+ 13. Nxe1 Qe7 14. Nf3
Nh4 15. Bd2 Nxf3+ 16. Qxf3 Na6 17. Ne2 Re8 18. Ng3 Qc7 19. Nh5 Re6 20. Bg5 f6
21. Bxf6 Bf8 22. Be5 Qf7 23. Qxf7+ Kxf7 24. c3 c5 25. Nf4 Re8 26. Nxd5 b6 27.
Kf1 h6 28. Re1 Rd8 29. Nf4 Bd6 30. Bxd6 Rxd6 31. Rd1 g5 32. Ne2 Nc7 33. Ke1 c4
34. Ng3 Nd5 35. Kd2 Nf4 36. Rg1 Nd3 37. b3 b5 38. f3 Nf4 39. Ne4 Ra6 40. bxc4
Rxa2+ 41. Ke1 Ra1+ 42. Kf2 Nd3+ 43. Ke2 Rxg1 44. Kxd3 bxc4+ 45. Kxc4 Rxg2 46.
d5 Rb2 47. Kd4 a5 48. c4 a4 49. Nd6+ Ke7 50. Nb5 Kd7 51. Ke5 Rxb5 52. cxb5 a3
53. b6 a2 54. Kf5 a1=Q 55. b7 Qb1+ 56. Kg4 Qxb7 0-1

[Event "Cto. Espana Selecciones Autonomicas"]
[Site "Padron"]
[Date "2006.10.07"]
[Round "5.1"]
[White "Pena Gomez, Manuel"]
[Black "Narciso Dublan, Marc"]
[Result "0-1"]
[WhiteElo "2319"]
[BlackElo "2511"]
[PlyCount "50"]
[EventDate "2006.10.??"]

1. e4 c6 2. d4 d5 3. Nc3 dxe4 4. Nxe4 Nf6 5. Nxf6+ gxf6 6. h4 e5 7. Qf3 exd4 8.
Bc4 Qe7+ 9. Kf1 Be6 10. Bxe6 fxe6 11. Ne2 c5 12. b4 Nc6 13. bxc5 O-O-O 14. Bb2
Bg7 15. h5 Rhe8 16. h6 Bh8 17. Ba3 d3 18. cxd3 Ne5 19. Qf4 Rxd3 20. Rh3 Rxh3
21. gxh3 Qd7 22. Qd4 Qc6 23. Rd1 Rg8 24. Ng3 Qa6+ 25. Ne2 Qxa3 0-1

[Event "Cto. Espana Selecciones Autonomicas"]
[Site "Padron"]
[Date "2006.10.07"]
[Round "5.1"]
[White "Fluvia Poyatos, Jordi"]
[Black "Permuy Lorenzo, Carlos"]
[Result "1-0"]
[WhiteElo "2458"]
[BlackElo "2358"]
[PlyCount "41"]
[EventDate "2006.10.??"]

1. Nf3 f5 2. e4 e5 3. Nxe5 Qf6 4. d4 d6 5. Nc4 fxe4 6. Nc3 Qg6 7. Ne3 c6 8. f3
d5 9. fxe4 dxe4 10. Be2 Nf6 11. O-O Be7 12. Bc4 Nbd7 13. Ne2 Nb6 14. Nf4 Qh6
15. Be6 Nfd5 16. Nexd5 cxd5 17. Bf7+ Kd7 18. Nxd5 Qh4 19. g3 Qh3 20. Nxe7 Kxe7
21. Bg5+ 1-0

[Event "Cto. Espana Selecciones Autonomicas"]
[Site "Padron"]
[Date "2006.10.07"]
[Round "5.1"]
[White "Espineira Gonzalez, Diego"]
[Black "Alsina Leal, Daniel"]
[Result "1/2-1/2"]
[WhiteElo "2292"]
[BlackElo "2430"]
[PlyCount "38"]
[EventDate "2006.10.??"]

1. e4 c5 2. Nf3 d6 3. d4 Nf6 4. Nc3 cxd4 5. Nxd4 a6 6. f3 e5 7. Nb3 Be6 8. Be3
Nbd7 9. Qd2 b5 10. a4 b4 11. Nd5 Bxd5 12. exd5 Nb6 13. Bxb6 Qxb6 14. a5 Qb7 15.
Bc4 g6 16. Ra4 Rb8 17. Qd3 Ra8 18. Qd2 Rb8 19. Qd3 Ra8 1/2-1/2

[Event "Cto. Espana Selecciones Autonomicas"]
[Site "Padron"]
[Date "2006.10.07"]
[Round "5.1"]
[White "Lacasa Diaz, Jose Antonio"]
[Black "Fernandez Losada, Daniel"]
[Result "0-1"]
[WhiteElo "2410"]
[BlackElo "2145"]
[PlyCount "84"]
[EventDate "2006.10.??"]

1. e4 c5 2. Nf3 e6 3. d4 cxd4 4. Nxd4 Bc5 5. Nb3 Bb6 6. Nc3 Ne7 7. Bd3 Nbc6 8.
O-O O-O 9. Qe2 f5 10. Be3 f4 11. Bxb6 Qxb6 12. Qh5 Ng6 13. Qc5 Qd8 14. f3 Nce5
15. Nd2 Qg5 16. Qf2 Nh4 17. Kh1 Rf6 18. Rg1 Qh5 19. Nc4 Nf5 20. h3 Ng3+ 21. Kh2
Nf7 22. Ne2 Nxe2 23. Bxe2 d5 24. Nd2 Ng5 25. Bf1 e5 26. Rh1 Rg6 27. exd5 e4 28.
fxe4 f3 29. Nxf3 Bxh3 30. Nh4 Rf8 31. Be2 Bg4 32. Bxg4 Qxg4 33. Nf5 Qxe4 34.
Raf1 Rgf6 35. Qg3 Rxf5 36. Rxf5 Rxf5 37. Re1 Qxc2 38. Re8+ Kf7 39. Qb8 Kg6 40.
Qg3 Kh5 41. Re3 Qc1 42. Qb8 Qxe3 0-1

[Event "Cto. Espana Selecciones Autonomicas"]
[Site "Padron"]
[Date "2006.10.07"]
[Round "5.1"]
[White "Ares Campo, Iria"]
[Black "Llaneza Vega, Patricia"]
[Result "0-1"]
[WhiteElo "1923"]
[BlackElo "2232"]
[PlyCount "58"]
[EventDate "2006.10.??"]

1. e4 c5 2. d3 g6 3. g3 Bg7 4. Bg2 Nc6 5. Nc3 d6 6. f4 e6 7. Nf3 Nge7 8. O-O
O-O 9. Be3 b6 10. Bf2 d5 11. e5 Rb8 12. d4 Ba6 13. Re1 cxd4 14. Nxd4 Nxd4 15.
Qxd4 Qd7 16. g4 Rbc8 17. Bh4 Nc6 18. Qf2 Qc7 19. Bf6 Nb8 20. Qh4 Bxf6 21. Qxf6
Qd8 22. Qxd8 Rfxd8 23. Rac1 Rc4 24. Ne2 Rb4 25. f5 Nc6 26. fxe6 fxe6 27. Ng3
Rxb2 28. c4 Bxc4 29. Rxc4 Rxg2+ 0-1

[Event "Cto. Espana Selecciones Autonomicas"]
[Site "Padron"]
[Date "2006.10.07"]
[Round "5.2"]
[White "Mascaro March, Pedro"]
[Black "Salgado Lopez, Ivan"]
[Result "1/2-1/2"]
[WhiteElo "2360"]
[BlackElo "2425"]
[PlyCount "180"]
[EventDate "2006.10.??"]

1. d4 Nf6 2. c4 c5 3. d5 e6 4. Nc3 exd5 5. cxd5 d6 6. e4 g6 7. Bd3 Bg7 8. h3
O-O 9. Nf3 Bd7 10. a4 Na6 11. O-O Nb4 12. Bf4 Re8 13. Bxd6 Nxd3 14. Qxd3 Nxe4
15. Nxe4 Bf5 16. Nfd2 Qxd6 17. Nxd6 Bxd3 18. Nxe8 Rxe8 19. Rfe1 Rd8 20. Re3
Rxd5 21. Re8+ Bf8 22. Rae1 Kg7 23. Ne4 Rd4 24. Re3 c4 25. Nc3 Bf5 26. Rb8 Rd7
27. Ree8 Be7 28. Nd5 Bh4 29. Ne3 Be6 30. g3 Be7 31. Ng4 f6 32. Kh2 b6 33. a5
bxa5 34. Rb5 Bf7 35. Rc8 Bd8 36. h4 h5 37. Ne3 Bb6 38. Nxc4 Bxf2 39. Rxa5 Bd4
40. b3 Bd5 41. Re8 Bf3 42. Re6 Bc3 43. Ra2 Rd1 44. Rg2 Bxg2 45. Kxg2 Bb4 46.
Ra6 Rd7 47. Ra4 Bc3 48. Ne3 Rb7 49. Nd5 Be5 50. b4 Kf7 51. Kf3 Ke6 52. Ne3 Bd6
53. Ra6 Rxb4 54. Rxa7 Rb3 55. Ra6 Kd7 56. Ke4 f5+ 57. Kd4 Bxg3 58. Nd5 Rb1 59.
Rxg6 Rd1+ 60. Ke3 Rxd5 61. Rxg3 Ke6 62. Rg5 Ra5 63. Ke2 Ke5 64. Rxh5 Ke4 65.
Rh8 Ra2+ 66. Kf1 Kf3 67. Kg1 f4 68. h5 Rg2+ 69. Kf1 Ra2 70. Kg1 Ra1+ 71. Kh2
Kf2 72. Rb8 Ra5 73. Rb2+ Kf3 74. Rb3+ Kg4 75. Kg2 Ra2+ 76. Kf1 Kxh5 77. Rc3 Kg4
78. Rb3 Kf5 79. Rc3 Ke4 80. Rb3 Rd2 81. Ra3 Rd4 82. Kf2 Rb4 83. Rc3 Rb2+ 84.
Kf1 Rd2 85. Ra3 Rd3 86. Rxd3 Kxd3 87. Kf2 Ke4 88. Ke2 f3+ 89. Kf2 Kf4 90. Kf1
Ke5 1/2-1/2

[Event "Cto. Espana Selecciones Autonomicas"]
[Site "Padron"]
[Date "2006.10.07"]
[Round "5.2"]
[White "Paramos Dominguez, Roberto"]
[Black "Calzetta Ruiz, Monica"]
[Result "1/2-1/2"]
[WhiteElo "2414"]
[BlackElo "2344"]
[PlyCount "39"]
[EventDate "2006.10.??"]

1. d4 Nf6 2. c4 c5 3. d5 b5 4. cxb5 a6 5. bxa6 g6 6. Nc3 Bxa6 7. g3 d6 8. Nh3
Bg7 9. Nf4 Nbd7 10. h4 h5 11. Bh3 Ra7 12. O-O O-O 13. Rb1 Qa8 14. b3 Ne5 15.
Qc2 Rb8 16. Rd1 Rab7 17. a3 Rb6 18. Na4 Rb5 19. Nc3 R5b6 20. Na4 1/2-1/2

[Event "Cto. Espana Selecciones Autonomicas"]
[Site "Padron"]
[Date "2006.10.07"]
[Round "5.2"]
[White "Gonzalez Arribas, Vidal Alejandro"]
[Black "Larino Nieto, David"]
[Result "0-1"]
[WhiteElo "2297"]
[BlackElo "2406"]
[PlyCount "80"]
[EventDate "2006.10.??"]

1. c4 e5 2. Nc3 Nc6 3. g3 g6 4. Bg2 Bg7 5. e3 d6 6. Nge2 h5 7. h4 Bg4 8. d3 Qd7
9. Rb1 a6 10. b4 Rb8 11. b5 axb5 12. Rxb5 Nd8 13. Ba3 Ne7 14. Qc2 O-O 15. O-O
Bh3 16. Bxh3 Qxh3 17. c5 Nf5 18. cxd6 Nh6 19. f3 cxd6 20. Ne4 Nf5 21. Qd2 Bh6
22. f4 Nxh4 23. gxh4 Qg4+ 24. N4g3 exf4 25. exf4 Re8 26. Kg2 Nc6 27. Rf2 Re6
28. Bc1 Rbe8 29. Rxb7 Ne7 30. Nd4 Bg7 31. Nxe6 Nf5 32. Nxg7 Qxg3+ 33. Kf1 Qh3+
34. Kg1 Kxg7 35. Bb2+ Kg8 36. Re2 Qg3+ 37. Kh1 Qf3+ 38. Rg2 Nxh4 39. Rb3 Qh3+
40. Kg1 Nf3+ 0-1

[Event "Cto. Espana Selecciones Autonomicas"]
[Site "Padron"]
[Date "2006.10.07"]
[Round "5.2"]
[White "Suarez Pousa, Diego"]
[Black "Tattersall, Lester"]
[Result "0-1"]
[WhiteElo "2394"]
[BlackElo "2254"]
[PlyCount "138"]
[EventDate "2006.10.??"]

1. e4 g6 2. d4 Bg7 3. Nc3 d6 4. f4 c6 5. Be3 Qb6 6. Qd2 Nf6 7. Nf3 d5 8. O-O-O
dxe4 9. Ng5 Bf5 10. Bc4 O-O 11. h3 h5 12. g4 hxg4 13. hxg4 Bxg4 14. Rdg1 e6 15.
Ncxe4 Nxe4 16. Nxe4 Bf3 17. Rxg6 fxg6 18. Bxe6+ Rf7 19. Bxf7+ Kf8 20. Rg1 Bxe4
21. Bxg6 Bxg6 22. Rxg6 Qb5 23. Qg2 Qb4 24. Qg1 Qe7 25. f5 Nd7 26. Bh6 Bxh6+ 27.
Rxh6 Qg7 28. Qh2 Qg5+ 29. Kb1 Re8 30. Qd6+ Re7 31. a4 Qxf5 32. b3 Kf7 33. Rh4
Nf6 34. Rf4 Qe6 35. Qc5 Qd5 36. Qxa7 b5 37. Qa8 bxa4 38. Qxa4 Re4 39. Qa7+ Ke6
40. Rxe4+ Nxe4 41. Qc7 Nc3+ 42. Kb2 Nb5 43. Qc8+ Ke7 44. Kb1 Nxd4 45. Qc7+ Ke6
46. Qc8+ Ke7 47. Qc7+ Ke6 48. Qc8+ Ke5 49. Qh8+ Ke4 50. Qh1+ Nf3 51. Qh7+ Ke3
52. Qh3 Kd2 53. Qh6+ Ke2 54. Qg6 Nd2+ 55. Kb2 Qd4+ 56. Ka2 Qa7+ 57. Kb2 Qd4+
58. c3 Qe4 59. Qxe4+ Nxe4 60. Ka3 Nxc3 61. Kb4 Ne4 62. Kc4 Ke3 63. b4 Kf4 64.
Kd4 Kf5 65. Kd3 Ke5 66. Kc4 Kd6 67. b5 c5 68. Kd3 Kd5 69. b6 Nd6 0-1

[Event "Cto. Espana Selecciones Autonomicas"]
[Site "Padron"]
[Date "2006.10.07"]
[Round "5.2"]
[White "Pons Carreras, David"]
[Black "Garcia Castro, Pablo"]
[Result "1/2-1/2"]
[WhiteElo "2272"]
[BlackElo "2390"]
[PlyCount "59"]
[EventDate "2006.10.??"]

1. Nf3 d6 2. d4 g6 3. c4 Bg7 4. e4 c5 5. Nc3 cxd4 6. Nxd4 Nc6 7. Be3 Nf6 8. Be2
O-O 9. O-O Bd7 10. Rc1 Nxd4 11. Bxd4 Bc6 12. f3 Qa5 13. Qd2 Rfc8 14. Rfd1 Nd7
15. Be3 a6 16. b3 Nc5 17. Nd5 Qxd2 18. Rxd2 Bxd5 19. cxd5 b5 20. Rdc2 b4 21.
Bxc5 Rxc5 22. Rxc5 Bd4+ 23. Kf1 Bxc5 24. Bc4 Kg7 25. Ke2 a5 26. Bb5 h5 27. f4
h4 28. Kf3 Rh8 29. Bd7 Rd8 30. Bb5 1/2-1/2

[Event "Cto. Espana Selecciones Autonomicas"]
[Site "Padron"]
[Date "2006.10.07"]
[Round "5.2"]
[White "Redondo Arguelles, Graciela"]
[Black "Serrano Bozada, Esteban"]
[Result "1/2-1/2"]
[WhiteElo "2108"]
[BlackElo "2073"]
[PlyCount "107"]
[EventDate "2006.10.??"]

1. e4 e6 2. d4 d5 3. exd5 exd5 4. Bd3 Bd6 5. Nc3 Nc6 6. Nge2 Nge7 7. Bf4 Be6 8.
Qd2 Ng6 9. Bxd6 Qxd6 10. O-O-O O-O-O 11. h4 h5 12. Bxg6 fxg6 13. Nf4 Bf7 14.
Rhe1 Rhe8 15. g3 Rxe1 16. Rxe1 Qf6 17. Nce2 g5 18. hxg5 Qxg5 19. Nh3 Qf5 20.
Qf4 Bg6 21. Qxf5+ Bxf5 22. Nhf4 g5 23. Nxh5 Nb4 24. Nc3 Bxc2 25. Re5 Be4 26.
Rxg5 Nd3+ 27. Kd2 Nxf2 28. Nf4 Rh8 29. Ke3 Rh2 30. Nfxd5 Bxd5 31. Rxd5 Nh1 32.
Ne2 Nf2 33. Rb5 a6 34. Rb3 b6 35. Kf3 Kd7 36. Nf4 a5 37. a4 Nd1 38. Ng2 Ke6 39.
Rb5 Rh1 40. g4 Rh3+ 41. Ke2 Rh2 42. Kf1 Rh1+ 43. Ke2 Rh2 44. Kf3 Rh3+ 45. Ke2
Rh2 46. Kxd1 Rxg2 47. b4 axb4 48. Rxb4 Kd5 49. g5 c5 50. Rxb6 Rxg5 51. dxc5
Rg1+ 52. Kc2 Kxc5 53. Rb8 Rg2+ 54. Kc3 1/2-1/2

[Event "Cto. Espana Selecciones Autonomicas"]
[Site "Padron"]
[Date "2006.10.07"]
[Round "5.2"]
[White "Almagro Llamas, Pablo"]
[Black "Bolado Saez, Sergio"]
[Result "1/2-1/2"]
[WhiteElo "2404"]
[BlackElo "2297"]
[PlyCount "68"]
[EventDate "2006.10.??"]

1. e4 c5 2. Nf3 d6 3. d4 cxd4 4. Nxd4 Nf6 5. Nc3 a6 6. Be3 e5 7. Nb3 Be6 8. Be2
Be7 9. O-O O-O 10. f4 exf4 11. Rxf4 Nc6 12. Nd5 Bxd5 13. exd5 Ne5 14. c4 Nfd7
15. Rf1 Rc8 16. Rc1 Bg5 17. Bxg5 Qxg5 18. Rc3 Nc5 19. Rg3 Qd8 20. Nxc5 Rxc5 21.
b4 Rc8 22. Qd4 a5 23. a3 b6 24. Rc1 Re8 25. h3 g6 26. Rgc3 f5 27. Bd1 Qg5 28.
Kh2 f4 29. Qf2 h5 30. Bf3 h4 31. Kh1 axb4 32. axb4 Qg3 33. Qxb6 Rxc4 34. Qb5
Rxc3 1/2-1/2